000
00214 a2200097 4500
001
42803
100
_a
Scientific
245
_a
New Chemistry
260
_a
New York
_b
Simon & Schuster Ltd
_c
090
_c
26693
_d
26693
942
_a
NUST-CAE
_c
M
_c
18550
999
_c
277876
_d
277876